Zdenka Bergrová: Knihy ; Věroslav Bergr: Grafika - ilustrace - plastiky : Galerie umění Karlovy Vary, 9. prosince 1976 - 15. ledna 1977 /

Hlavní autor: Bergrová, Zdenka, 1923-2008
Další autoři: Bergr, Věroslav, 1928-2022, Benda, Klement
Jazyk: Čeština
Vydáno: Karlovy Vary : Galerie umění, 1976
Fyzický popis: [16] s. ; příč. 8°
Knihy
Uloženo v:
LEADER 01403nam a22003372i 4500
001 001563858
003 CZ BrMZK
005 20170424131448.0
007 ta
008 170209s1976 xr er|||||||||||cze d
015 |a cnb000498343 
035 |a (OCoLC)85373135 
040 |a BOA001  |b cze  |e rda 
080 9 |a 73/76 (437)Bergr, V.(069):92 Bergr, V. 
080 9 |a 655.533(437) Bergrová, Z. (069):92 Bergrová, Z. 
100 1 |a Bergrová, Zdenka,  |d 1923-2008  |7 jk01011819  |4 art 
245 1 0 |a Zdenka Bergrová: Knihy ;  |b Věroslav Bergr: Grafika - ilustrace - plastiky : Galerie umění Karlovy Vary, 9. prosince 1976 - 15. ledna 1977 /  |c úvodní stať: Klement Benda ; verše naps. Z. Bergrová ; foto Zdenek Podlesný a Zdenek Komárek 
264 1 |a Karlovy Vary :  |b Galerie umění,  |c 1976 
300 |a [16] s. ;  |c příč. 8° 
336 |a text  |b txt  |2 rdacontent 
337 |a bez média  |b n  |2 rdamedia 
338 |a svazek  |b nc  |2 rdacarrier 
500 |a Obsahuje též: Grafika, ilustrace, plastiky / Věroslav Bergr 
500 |a Rus., angl., franc., něm. a ital. souhrn 
740 0 2 |a Věroslav Bergr: Grafika - ilustrace - plastiky 
700 1 |a Bergr, Věroslav,  |d 1928-2022  |7 jn19990209048  |4 art 
700 1 |a Benda, Klement  |4 wfw 
910 |a BOA001  |b X-0766.562 
990 |a BK 
991 |b 201701 
996 6 |b 2619187074  |c X-0766.562  |l MZK  |r Sklad / do 24 hodin  |n 0  |w 001599162  |u 000010  |a 1  |e BOA001  |j MZK50  |s P